000 00717nam a22002297a 4500
005 20140314111829.0
010 _aENG-109383
020 _a9788120349117
_c395.00
035 _aEN-92916
037 _bDBAD/PUB
082 _a658.404028553
100 _aHoward, Ben
245 _aMicrosoft Project 2013 /
_cby Ben Howard
246 _aMicrosoft Project 2013 plain & simple
260 _aDelhi
_bPHI Learning
_c2014
270 _aRImjhim House, 111, Patparganj Industrial Estate
_bDelhi
_e110092
300 _axi,221p.:
_c23cm(pbk)
_bill.
490 _aPlain & simple
500 _aIncludes index
650 _aProject management
_x Computer programs.
942 _2ddc
_cEN
_mHOW
_h658.404028553
999 _c82694
_d82694